00317nam a2200085Ia 4500082001100000100002100011245007300032260011800105300000800223 aRK.205 aKakkar, Anuradha 0aUnion catalogue of government publications of Uttar Pradesh, Lucknow aLucknowbNational Social Science Documentation Centre, Indian Council of Social Science Research, New Delhic2006 a322